O caçador de dragões (Registo nº 2703)

Detalhes MARC
000 -Etiqueta do registo
Cabeçalho 00728nam a22002651 4500
005 - Identificador da versão
Campo de controlo 20240813121941.0
095 ## -
-- PTBN00923235
021 ## - Número do Depósito Legal
Código do país PT
100 ## - Dados gerais de processamento
Dados gerais de processamento 20070319d2005 cd y0pory5003 ba
102 ## - Pais de publicação ou produção
País de publicação Portugal
101 1# - Língua de publicação
Língua do texto, banda sonora, etc. Português
106 ## - Campo de dados codificados: material textual
Dados codificados do material textual r
105 ## - Campo de dados codificados: livros
Dados codificados dos livros a z 000fy
215 ## - Descrição física 
Indicação específica da natureza do documento e extensão da espécie 24 p.
Outras indicações físicas il.
Dimensões 22 cm
200 1# - Titulo e menção de responsabilidade
Título próprio O caçador de dragões
Primeira menção de responsabilidade texto de Sally Altschuler
Outras menções de responsabilidade il. Birde Poulsen
210 ## - Publicação, Distribuição, etc. 
Lugar da edição, distribuição, etc. Copenhaga
Nome do editor, distribuidor, etc. Leo Pharma
Data da publicação, distribuição, etc. imp. 2005
606 ## - Nome comum usado como assunto
Número de registo de entrada de autoridade 0000001
Palavra de ordem Literatura estrangeira infantil
Subdivisão de assunto Conto
675 ## - Classificação Decimal Universal (CDU)
Notação 82-34
Edição
Língua da edição por
701 #1 - Nome de autor-pessoa física (co-responsabilidade principal)
Palavra de ordem Poulsen
Outra parte do nome não tomada para palavra de ordem Birde
Código de função Ilustrador / Técnico de desenho computorizado
700 #1 - Nome de autor-pessoa física (responsabilidade principal)
Número de registo de entrada de autoridade 0001600
Palavra de ordem Altschuler
Outra parte do nome não tomada para palavra de ordem Sally
942 ## - Elementos de entrada adicionados (Koha)
Tipo de item no Koha Livro
Exemplares
Situação do levantamento Origin of item (home branch) (coded) Biblioteca de empréstimo Código de barras Cota Circulation type (not for loan) Tipo de documento Nota do exemplar Damaged status
  Biblioteca Escolar da Coca Maravilhas Biblioteca Escolar da Coca Maravilhas BECM8249/07 8EST ALT   Livro Sem mensagem